| 000 | 01302cam a22003977i 4500 | ||
|---|---|---|---|
| 999 |
_c527613 _d527613 |
||
| 001 | 18772042 | ||
| 003 | NUST | ||
| 005 | 20190801061749.0 | ||
| 008 | 150904s2016 njua 001 0 eng d | ||
| 010 | _a 2015451663 | ||
| 020 | _a9789332584747 | ||
| 020 | _a0133915425 | ||
| 035 | _a(OCoLC)ocn908176980 | ||
| 038 | _aIESE | ||
| 040 |
_aSISPL _beng _cSISPL _erda _dIXA _dYDXCP _dDLC |
||
| 042 | _alccopycat | ||
| 050 | 0 | 0 |
_a620.1054 HIB _b.H48 2016 |
| 082 | _a620.1054 HIB | ||
| 100 | 1 |
_aHibbeler, R. C., _eauthor. _91019 |
|
| 245 | 1 | 0 |
_aEngineering mechanics. _pStatics and dynamics / _cR.C. Hibbeler. |
| 246 | 3 | 0 | _aStatics and dynamics |
| 246 | 1 | 4 |
_aEngineering mechanics. _pStatics & dynamics |
| 246 | 3 | 0 | _aStatics & dynamics |
| 250 | _aFourteenth edition. | ||
| 264 | 1 |
_aIndia : _bPearson, _c[2017] |
|
| 300 |
_axxv, 1301 pages : _billustrations (some color) ; P.B _c25 cm |
||
| 336 |
_atext _btxt _2rdacontent |
||
| 337 |
_aunmediated _bn _2rdamedia |
||
| 338 |
_avolume _bnc _2rdacarrier |
||
| 500 | _aIncludes index. | ||
| 650 | 0 |
_aMechanics, Applied _vTextbooks. _918867 |
|
| 650 | 0 |
_aMechanical engineering _vTextbooks. _918959 |
|
| 906 |
_a7 _bcbc _ccopycat _d3 _encip _f20 _gy-gencatlg |
||
| 942 |
_2ddc _cTEXT _kIESE |
||